Hari kiamat,hari akhir,hari pembalasan

Bibliographic Details
Main Author: Abdul Aziz
Format: Book
Published: Singapura : Pustaka Nasional , 1989
Subjects:

MARC

LEADER 00000cam a2200000 7i4500
001 0000004901
002 000005285
005 20000330.0
020 |a 9971772000 
090 0 0 |a 297.23   |b ABD 
100 0 |a Abdul Aziz 
245 1 0 |a Hari kiamat,hari akhir,hari pembalasan   |c Abdul Aziz 
260 |a Singapura :   |b Pustaka Nasional ,   |c 1989 
300 |a 178p. ;   |c 20cm. 
650 0 0 |a Here after (Islam) 
999 |a 034830   |b BUKU   |c PINJAMAN   |e PERPUSTAKAAN KOMUNITI PETALING JAYA 
999 |a 034831   |b BUKU   |c PINJAMAN   |e PERPUSTAKAAN KOMUNITI PETALING JAYA